[Event "2. BUNDESLIGA MITTE 2014/2015"]
[Site "Fuerstenfeld"]
[Date "2015.04.18"]
[Round "10"]
[Board "2"]
[White "Jurek, Josef"]
[Black "Schnider, Gert"]
[Result "1/2-1/2"]
[WhiteElo "2308"]
[BlackElo "2338"]
[PlyCount "64"]
[EventDate "2014.10.03"]
[EventType "team"]
[EventRounds "11"]
[EventCountry "AUT"]
[WhiteTeam "Union Hartkirchen - Sektion Schach"]
[BlackTeam "Schachfreunde Graz"]

1. Nf3 d5 2. d4 Nf6 3. c4 c6 4. Nc3 e6 5. e3 Nbd7 6. Qc2 Bd6 7. b3 O-O 8. Be2
e5 9. cxd5 Nxd5 10. Nxd5 cxd5 11. dxe5 Nxe5 12. Bb2 Bb4+ 13. Kf1 f6 14. a3 Bd6
15. Rd1 Be6 16. Nd4 Bf7 17. f3 Rc8 18. Qd2 a6 19. Kf2 Re8 20. Rhe1 Qb6 21. Rc1
Bc5 22. b4 Bf8 23. Rxc8 Rxc8 24. Rc1 Nc4 25. Bxc4 dxc4 26. Ne2 Rd8 27. Bd4 Qc7
28. g3 b5 29. Nc3 Qc6 30. Qb2 Bh5 31. g4 Bg6 32. Rg1 Qc7 1/2-1/2

[Event "2. BUNDESLIGA MITTE 2014/2015"]
[Site "Fuerstenfeld"]
[Date "2015.04.18"]
[Round "10"]
[Board "3"]
[White "Kravanja, Georg"]
[Black "Konrad, Edmund"]
[Result "1/2-1/2"]
[WhiteElo "2221"]
[BlackElo "2187"]
[PlyCount "146"]
[EventDate "2014.10.03"]
[EventType "team"]
[EventRounds "11"]
[EventCountry "AUT"]
[WhiteTeam "Schachfreunde Graz"]
[BlackTeam "Union Hartkirchen - Sektion Schach"]

1. d4 d5 2. c4 c6 3. Nf3 Nf6 4. g3 e6 5. Bg2 Nbd7 6. O-O Bd6 7. Nfd2 O-O 8. Nc3
Re8 9. e4 dxe4 10. Ncxe4 Nxe4 11. Nxe4 Bc7 12. Bg5 f6 13. Be3 Nf8 14. Qa4 Qe7
15. Rfd1 Rd8 16. Rac1 a5 17. Nc5 Bb6 18. b4 Ra7 19. b5 e5 20. Nb3 exd4 21. Nxd4
Bxd4 22. Bxd4 c5 23. Re1 Be6 24. b6 Ra6 25. Be3 Rxb6 26. Qxa5 Ra6 27. Qxc5 Qf7
28. Qb4 Rd7 29. a3 Ng6 30. f4 h5 31. Qb5 Ne7 32. a4 Nf5 33. Bf2 Rad6 34. c5 Rd2
35. c6 bxc6 36. Bxc6 Nd4 37. Qb8+ Kh7 38. Bxd4 R7xd4 39. Be8 Qg8 40. Qb1+ g6
41. Bc6 Bd5 42. Qb7+ Kh6 43. Bxd5 Qxd5 44. Qxd5 Rxd5 45. Ra1 Rb2 46. Red1 Rc5
47. Rac1 Rxc1 48. Rxc1 Ra2 49. Rc4 Ra1+ 50. Kg2 Ra2+ 51. Kh3 Ra3 52. Rc6 Rxa4
53. Rxf6 Kg7 54. Rb6 Ra2 55. Kh4 Ra5 56. Rd6 Kh6 57. h3 Ra4 58. Rf6 Rb4 59. g4
hxg4 60. hxg4 Kg7 61. Kg5 Rb5+ 62. f5 gxf5 63. gxf5 Rb1 64. Ra6 Rg1+ 65. Kf4
Rf1+ 66. Ke5 Re1+ 67. Kd5 Kf7 68. Rh6 Rd1+ 69. Ke4 Re1+ 70. Kd4 Rd1+ 71. Ke3
Re1+ 72. Kf3 Rf1+ 73. Kg4 Rg1+ 1/2-1/2

[Event "2. BUNDESLIGA MITTE 2014/2015"]
[Site "Fuerstenfeld"]
[Date "2015.04.18"]
[Round "10"]
[Board "4"]
[White "Windhager, Hannes"]
[Black "Domarkaite, Laima"]
[Result "1-0"]
[WhiteElo "2187"]
[BlackElo "2129"]
[PlyCount "181"]
[EventDate "2014.10.03"]
[EventType "team"]
[EventRounds "11"]
[EventCountry "AUT"]
[WhiteTeam "Union Hartkirchen - Sektion Schach"]
[BlackTeam "Schachfreunde Graz"]

1. e4 c5 2. Nf3 d6 3. d4 cxd4 4. Nxd4 Nf6 5. Nc3 a6 6. Bc4 e6 7. O-O Nc6 8. Be3
Na5 9. Bd3 Bd7 10. Nb3 Bc6 11. Nd4 Bd7 12. Qe2 b5 13. b4 Nc4 14. Bxc4 bxc4 15.
Qxc4 Rc8 16. Qb3 Qc7 17. Nde2 Be7 18. f3 O-O 19. a4 Rb8 20. b5 Rfc8 21. b6 Qc4
22. Qxc4 Rxc4 23. a5 Bc6 24. Rfd1 Bb7 25. Ra4 Rc6 26. Rd3 Rbc8 27. Bd4 Nd7 28.
Kf2 Kf8 29. Ke1 Nb8 30. Kd2 Rc4 31. Rxc4 Rxc4 32. Nc1 Nc6 33. Nb3 Nb4 34. g3
Nxd3 35. Kxd3 Rc8 36. Na2 d5 37. e5 h5 38. c3 Bc6 39. Nb4 Bb7 40. Kd2 Ke8 41.
Nd3 Kd7 42. Bc5 Bd8 43. Bd6 Rc4 44. Nbc5+ Kc8 45. Nxb7 Bxb6 46. axb6 Kxb7 47.
Bc5 Ra4 48. Nc1 h4 49. Kc2 h3 50. Bd4 Ra5 51. Kb2 Rb5+ 52. Nb3 Kc6 53. Ka3 Kb7
54. Ka4 Kc8 55. f4 g6 56. Bg1 Kb7 57. Bc5 Kc8 58. Bd4 Kb7 59. Ka3 Kc8 60. g4
Kb7 61. Nc5+ Kxb6 62. Nxe6+ Kc6 63. Ng5 Rb8 64. Nxh3 Rh8 65. Ng5 Rxh2 66. Kb3
Rg2 67. Nxf7 Kd7 68. Ng5 Rxg4 69. e6+ Ke7 70. Kb4 Rg2 71. Bc5+ Kf6 72. Bd4+ Ke7
73. Bc5+ Kf6 74. Bd4+ Ke7 75. Be5 Rd2 76. Kc5 Rd3 77. Bd4 a5 78. Kb5 Rd1 79.
Kxa5 Rd3 80. Bc5+ Kf6 81. Bd6 Rd1 82. e7 Ra1+ 83. Kb4 Ra8 84. Kc5 Rc8+ 85. Kb6
Kf5 86. Kb7 Re8 87. Kc6 Ra8 88. Kxd5 Kf6 89. c4 Rc8 90. c5 Ra8 91. Kc6 1-0

[Event "2. BUNDESLIGA MITTE 2014/2015"]
[Site "Fuerstenfeld"]
[Date "2015.04.18"]
[Round "10"]
[Board "5"]
[White "Kastner, Walter"]
[Black "Mayerhofer, Peter"]
[Result "1/2-1/2"]
[WhiteElo "2230"]
[BlackElo "2190"]
[PlyCount "127"]
[EventDate "2014.10.03"]
[EventType "team"]
[EventRounds "11"]
[EventCountry "AUT"]
[WhiteTeam "Schachfreunde Graz"]
[BlackTeam "Union Hartkirchen - Sektion Schach"]

1. Nf3 c5 2. e4 e6 3. d4 cxd4 4. Nxd4 Bc5 5. Be3 Qb6 6. c3 Nc6 7. Nd2 Nxd4 8.
Nc4 Qc6 9. Bxd4 Qxe4+ 10. Be2 Be7 11. O-O Nf6 12. Bf3 Qf4 13. Qa4 O-O 14. Be5
Qf5 15. Rfe1 d6 16. Bxf6 Qxf6 17. Nb6 axb6 18. Qxa8 d5 19. Qa4 Rd8 20. Qd4 Qxd4
21. cxd4 Bf6 22. Red1 Bd7 23. Be2 Ra8 24. a4 g6 25. b3 Rc8 26. f4 Rc2 27. Bb5
Bc6 28. Bxc6 bxc6 29. b4 c5 30. a5 bxa5 31. bxc5 Rc4 32. Rac1 Bxd4+ 33. Kf1
Rxc5 34. Ke2 Bc3 35. Kd3 d4 36. Rb1 Rc8 37. Rb7 Ra8 38. Rdb1 Kg7 39. Rb8 Rxb8
40. Rxb8 Kf6 41. Rb7 h6 42. Ke4 g5 43. fxg5+ hxg5 44. g4 Kg6 45. Rb6 Kg7 46.
Rb7 Kf6 47. Rb6 Ke7 48. Rb7+ Ke8 49. Rb8+ Kd7 50. Rb7+ Kc6 51. Rxf7 a4 52. Ra7
Kb5 53. Kd3 e5 54. Re7 a3 55. Rxe5+ Ka4 56. Re2 Kb3 57. h4 gxh4 58. g5 Bb4 59.
Kxd4 Bc3+ 60. Ke4 a2 61. Rxa2 Kxa2 62. Kf3 Kb3 63. Kg4 Kc4 64. Kxh4 1/2-1/2

[Event "2. BUNDESLIGA MITTE 2014/2015"]
[Site "Fuerstenfeld"]
[Date "2015.04.18"]
[Round "10"]
[Board "6"]
[White "Kleibel, Uwe"]
[Black "Suppan, Harald"]
[Result "1-0"]
[WhiteElo "2210"]
[BlackElo "2086"]
[PlyCount "83"]
[EventDate "2014.10.03"]
[EventType "team"]
[EventRounds "11"]
[EventCountry "AUT"]
[WhiteTeam "Union Hartkirchen - Sektion Schach"]
[BlackTeam "Schachfreunde Graz"]

1. e4 d5 2. exd5 Nf6 3. d4 Nxd5 4. c4 Nb6 5. Nc3 g6 6. Be3 Bg7 7. h3 O-O 8. Nf3
Nc6 9. Rc1 Re8 10. Be2 e5 11. d5 Ne7 12. O-O Nf5 13. Bg5 f6 14. Bd2 e4 15. Ne1
c6 16. dxc6 bxc6 17. Nc2 Qc7 18. Ne3 Nd4 19. c5 Nd7 20. Bc4+ Kh8 21. Nc2 Nxc2
22. Qxc2 f5 23. b4 Ne5 24. Be2 Be6 25. Rfd1 Rad8 26. Bg5 Rxd1+ 27. Rxd1 h6 28.
Bc1 Rb8 29. a3 Kh7 30. Rd6 Bc4 31. Bf4 Bxe2 32. Nxe2 a5 33. Qd1 Qe7 34. bxa5
Nd3 35. Rxc6 Ra8 36. a6 Be5 37. Bxe5 Qxe5 38. Qb1 Rg8 39. a7 Nxc5 40. Rxc5 Qxc5
41. a8=Q Rxa8 42. Qb7+ 1-0

[Event "2. BUNDESLIGA MITTE 2014/2015"]
[Site "Fuerstenfeld"]
[Date "2015.04.18"]
[Round "10"]
[Board "1"]
[White "Schachinger, Mario"]
[Black "Pilaj, Herwig"]
[Result "1-0"]
[WhiteElo "2414"]
[BlackElo "2388"]
[PlyCount "87"]
[EventDate "2014.10.03"]
[EventType "team"]
[EventRounds "11"]
[EventCountry "AUT"]
[WhiteTeam "SC MPOE Maria Saal II"]
[BlackTeam "SC Die Klagenfurter"]

1. d4 c5 2. d5 d6 3. e4 e5 4. Nc3 a6 5. a4 g6 6. h3 h5 7. Nf3 Bh6 8. Be2 Nd7 9.
Nd2 h4 10. Nc4 Qe7 11. Ra3 Bxc1 12. Qxc1 Ngf6 13. f4 Kf8 14. O-O Kg7 15. a5 Rb8
16. Rb3 Nh5 17. fxe5 Nxe5 18. Nxe5 Qxe5 19. Bxh5 Rxh5 20. Qf4 Qxf4 21. Rxf4 Kf8
22. Nd1 Bd7 23. Rb6 Ke7 24. Ne3 Bb5 25. Ng4 Be2 26. Ne3 Bb5 27. Kf2 Rhh8 28.
Ng4 Bd7 29. e5 dxe5 30. Nxe5 Bf5 31. c4 Rh7 32. Nc6+ bxc6 33. Rxb8 cxd5 34.
cxd5 Kd6 35. Rb6+ Ke5 36. Rf3 Be4 37. Re3 Kxd5 38. Rxa6 f5 39. Rxg6 f4 40. Rg5+
Kd4 41. Rxe4+ Kxe4 42. Rxc5 Rb7 43. Rc4+ Kd5 44. Rxf4 1-0

[Event "2. BUNDESLIGA MITTE 2014/2015"]
[Site "Fuerstenfeld"]
[Date "2015.04.18"]
[Round "10"]
[Board "2"]
[White "Petschar, Kurt"]
[Black "Handler, Lukas"]
[Result "0-1"]
[WhiteElo "2271"]
[BlackElo "2389"]
[PlyCount "120"]
[EventDate "2014.10.03"]
[EventType "team"]
[EventRounds "11"]
[EventCountry "AUT"]
[WhiteTeam "SC Die Klagenfurter"]
[BlackTeam "SC MPOE Maria Saal II"]

1. d4 Nf6 2. c4 e6 3. Nf3 d5 4. Nc3 Bb4 5. cxd5 exd5 6. Bg5 Nbd7 7. e3 h6 8.
Bh4 g5 9. Bg3 Ne4 10. Nd2 Nxg3 11. hxg3 Nb6 12. Bd3 Be6 13. Qc2 c6 14. a3 Bf8
15. Bf5 Qd7 16. Bxe6 Qxe6 17. Na4 Bg7 18. Nc5 Qe7 19. O-O O-O 20. b4 Nc8 21. a4
Nd6 22. Qb3 a6 23. Rfe1 Rfe8 24. Rab1 Rad8 25. Rbd1 Qf6 26. Qc2 Re7 27. g4 Rde8
28. Nf1 Qg6 29. Re2 h5 30. gxh5 Qxh5 31. Ng3 Qh7 32. Qxh7+ Kxh7 33. Nh5 Bh8 34.
g4 f5 35. Rc2 Kg6 36. Kg2 fxg4 37. Ng3 Rh7 38. Rcd2 Nc4 39. Ra2 Ra8 40. Rh1
Rxh1 41. Kxh1 b6 42. Nb3 Bf6 43. a5 b5 44. Kg2 Be7 45. Nc5 Bxc5 46. dxc5 Ne5
47. Ne2 Nf3 48. Ra1 Rh8 49. Ng3 Kf6 50. Rd1 Ke5 51. Kf1 Rh2 52. Rd3 Rh6 53. Rd1
Rh8 54. Rd3 Re8 55. Ne2 Rf8 56. Rd1 Nh4 57. Rd4 Nf5 58. Rd3 Ke4 59. Rb3 g3 60.
Nxg3+ Nxg3+ 0-1

[Event "2. BUNDESLIGA MITTE 2014/2015"]
[Site "Fuerstenfeld"]
[Date "2015.04.18"]
[Round "10"]
[Board "3"]
[White "Halvax, Georg"]
[Black "Wertjanz, David"]
[Result "1/2-1/2"]
[WhiteElo "2360"]
[BlackElo "2242"]
[PlyCount "45"]
[EventDate "2014.10.03"]
[EventType "team"]
[EventRounds "11"]
[EventCountry "AUT"]
[WhiteTeam "SC MPOE Maria Saal II"]
[BlackTeam "SC Die Klagenfurter"]

1. d4 Nf6 2. Nc3 d5 3. Bf4 c6 4. e3 Qb6 5. Na4 Qa5+ 6. c3 e6 7. a3 b5 8. Nc5
Bxc5 9. dxc5 Nbd7 10. b4 Qd8 11. Nf3 O-O 12. a4 Ne4 13. Bd3 Nxc3 14. Qc2 Nxa4
15. Bxh7+ Kh8 16. O-O g6 17. Bxg6 fxg6 18. Qxg6 Qf6 19. Qh5+ Kg8 20. Qg4+ Kh8
21. Qh5+ Kg8 22. Qg4+ Kh8 23. Qh5+ 1/2-1/2

[Event "2. BUNDESLIGA MITTE 2014/2015"]
[Site "Fuerstenfeld"]
[Date "2015.04.18"]
[Round "10"]
[Board "4"]
[White "Genser, Harald"]
[Black "Tomazini, Zan"]
[Result "0-1"]
[WhiteElo "2277"]
[BlackElo "2392"]
[PlyCount "139"]
[EventDate "2014.10.03"]
[EventType "team"]
[EventRounds "11"]
[EventCountry "AUT"]
[WhiteTeam "SC Die Klagenfurter"]
[BlackTeam "SC MPOE Maria Saal II"]

1. d4 Nf6 2. c4 Nc6 3. Nf3 e6 4. a3 d6 5. Nc3 g6 6. e4 Bg7 7. Be2 O-O 8. O-O
Re8 9. Be3 e5 10. d5 Nd4 11. Nxd4 exd4 12. Bxd4 Nxe4 13. Bxg7 Kxg7 14. Qd4+ Qf6
15. Qxf6+ Kxf6 16. Nxe4+ Rxe4 17. Bd3 Re7 18. Rfe1 Rxe1+ 19. Rxe1 Bd7 20. f4
Re8 21. Rxe8 Bxe8 22. Kf2 h6 23. Ke3 Bd7 24. g3 Ba4 25. Kd4 Bb3 26. Kc3 Bd1 27.
Kd2 Bg4 28. Ke3 Kg7 29. Kd4 Bh3 30. Ke3 h5 31. Kd4 Kh6 32. Ke3 g5 33. Kd4 h4
34. Ke3 Kh5 35. Be2+ Bg4 36. Bd3 Bd1 37. Bf5 hxg3 38. hxg3 Bb3 39. Kd4 gxf4 40.
gxf4 Kh4 41. Bd3 Bd1 42. b4 Kg3 43. Ke3 Kg4 44. Be4 b6 45. Bd3 Kg3 46. Be4 Bg4
47. Bc2 Bh3 48. Bd3 Bg2 49. Be2 Bh3 50. Bd3 Kg2 51. Ke2 Bg4+ 52. Ke3 Kg1 53.
Bc2 Kf1 54. Bd3+ Ke1 55. Bh7 Be2 56. Bd3 Bd1 57. Bh7 Bb3 58. Bg8 f5 59. c5 Bc2
60. cxd6 cxd6 61. Be6 Kd1 62. Bd7 Be4 63. Kd4 Kd2 64. a4 Ke2 65. a5 bxa5 66.
bxa5 Kf3 67. Kc4 Kxf4 68. Be6 Ke3 69. Kb5 f4 70. a6 0-1

[Event "2. BUNDESLIGA MITTE 2014/2015"]
[Site "Fuerstenfeld"]
[Date "2015.04.18"]
[Round "10"]
[Board "5"]
[White "Rieger, Robert"]
[Black "Titz, Heimo"]
[Result "1-0"]
[WhiteElo "2293"]
[BlackElo "2120"]
[PlyCount "143"]
[EventDate "2014.10.03"]
[EventType "team"]
[EventRounds "11"]
[EventCountry "AUT"]
[WhiteTeam "SC MPOE Maria Saal II"]
[BlackTeam "SC Die Klagenfurter"]

1. e4 c5 2. Nf3 e6 3. d4 cxd4 4. Nxd4 Nc6 5. Nc3 Qc7 6. Be3 a6 7. Qd2 Nf6 8.
O-O-O Bb4 9. f3 Ne5 10. Nb3 b5 11. Qe1 Rb8 12. Qg3 Nh5 13. Qh4 Nf6 14. Qg3 Nh5
15. Qh4 g6 16. g4 Be7 17. Qf2 Nf6 18. h4 d6 19. h5 Rg8 20. hxg6 hxg6 21. g5 Nh5
22. Be2 Nc4 23. f4 Nxe3 24. Qxe3 Ng7 25. a3 Bd7 26. Nd4 Qb6 27. Qd3 Qa7 28. Nf3
Bc6 29. Nd4 Bd7 30. Rh7 Rc8 31. Kb1 Qc7 32. Rdh1 Bc6 33. Nb3 Qb6 34. Rd1 Rd8
35. Bg4 d5 36. exd5 Bxd5 37. Nxd5 Rxd5 38. Qc3 Rxd1+ 39. Bxd1 Nf5 40. Bf3 Nd6
41. Bc6+ Kd8 42. Nd2 Rf8 43. Rh3 Qc7 44. b3 Kc8 45. Bg2 Qxc3 46. Rxc3+ Kb8 47.
Rc6 f6 48. Rxa6 fxg5 49. Ra8+ Kc7 50. Ra7+ Kd8 51. Bc6 Nf5 52. fxg5 Bxg5 53.
Ne4 Be7 54. Bxb5 g5 55. Ra8+ Kc7 56. Rxf8 Bxf8 57. Nxg5 Nd4 58. a4 Be7 59. Ne4
e5 60. Kb2 Kb6 61. Be8 Ne6 62. Kc3 Nc7 63. Bf7 Bh4 64. Kc4 Be1 65. b4 Bh4 66.
Bd5 Be7 67. a5+ Ka6 68. Bc6 Ne6 69. c3 Nf4 70. Nc5+ Ka7 71. Nd7 Bd8 72. Nxe5
 1-0

[Event "2. BUNDESLIGA MITTE 2014/2015"]
[Site "Fuerstenfeld"]
[Date "2015.04.18"]
[Round "10"]
[Board "6"]
[White "Jakits, Leopold"]
[Black "Ertl, Johann"]
[Result "0-1"]
[WhiteElo "2134"]
[BlackElo "2277"]
[PlyCount "128"]
[EventDate "2014.10.03"]
[EventType "team"]
[EventRounds "11"]
[EventCountry "AUT"]
[WhiteTeam "SC Die Klagenfurter"]
[BlackTeam "SC MPOE Maria Saal II"]

1. c4 g6 2. g3 Bg7 3. Bg2 Nc6 4. Nc3 d6 5. e4 Nd4 6. Nce2 c5 7. Nxd4 Bxd4 8.
Ne2 Bg7 9. O-O Bg4 10. d3 Qd7 11. f3 Bh3 12. Bxh3 Qxh3 13. Be3 Qd7 14. Qd2 h5
15. d4 cxd4 16. Bxd4 Nf6 17. Rad1 h4 18. g4 Qc6 19. g5 Nh5 20. Bxg7 Nxg7 21.
Qd4 Kf8 22. f4 Rh5 23. b3 Ne6 24. Qe3 Qc5 25. Rf3 Qxe3+ 26. Rxe3 Kg7 27. Kf2 f6
28. gxf6+ Kxf6 29. Rd5 Rxd5 30. exd5 Ng7 31. Nd4 Rh8 32. Kf3 Kf7 33. Kg4 Nh5
34. Rh3 Nf6+ 35. Kf3 a6 36. a4 b6 37. f5 g5 38. Kg2 Ng4 39. Nc6 Kf6 40. Rf3 Nh6
41. h3 Rf8 42. Nd4 Nf7 43. Re3 Ne5 44. Nf3 Rg8 45. Nxe5 dxe5 46. a5 bxa5 47. c5
Rc8 48. Rd3 e4 49. Rd1 Ke5 50. c6 Rf8 51. Ra1 Kxd5 52. Rxa5+ Kxc6 53. Rxa6+ Kd5
54. Ra5+ Kd4 55. Kf2 e6 56. f6 Rxf6+ 57. Ke2 Rf5 58. Ra8 Rf3 59. Rg8 Rxh3 60.
Rxg5 Rxb3 61. Rg6 h3 62. Rxe6 Rb2+ 63. Kf1 Rb1+ 64. Kf2 h2 0-1

[Event "2. BUNDESLIGA MITTE 2014/2015"]
[Site "Fuerstenfeld"]
[Date "2015.04.18"]
[Round "10"]
[Board "1"]
[White "Krebs, Johann"]
[Black "Felsberger, Alfred"]
[Result "1/2-1/2"]
[WhiteElo "2265"]
[BlackElo "2342"]
[PlyCount "60"]
[EventDate "2014.10.03"]
[EventType "team"]
[EventRounds "11"]
[EventCountry "AUT"]
[WhiteTeam "Strassenbahn Graz"]
[BlackTeam "Union Ansfelden"]

1. d4 Nf6 2. c4 e6 3. Nc3 Bb4 4. Qc2 O-O 5. a3 Bxc3+ 6. Qxc3 b6 7. Bg5 Bb7 8.
e3 d6 9. f3 Nbd7 10. Bd3 c5 11. Ne2 h6 12. Bh4 Rc8 13. O-O Ba6 14. Qb3 d5 15.
Qa4 Bxc4 16. Bxc4 dxc4 17. Qxc4 cxd4 18. Qxd4 Rc2 19. Nc3 Nc5 20. Rad1 Qxd4 21.
exd4 Nb3 22. Bxf6 gxf6 23. Rf2 Rxf2 24. Kxf2 Rd8 25. Ke3 Kf8 26. Ne2 Rc8 27.
Nc3 Ke7 28. Kd3 Na5 29. Re1 Re8 30. Ne2 Nc6 1/2-1/2

[Event "2. BUNDESLIGA MITTE 2014/2015"]
[Site "Fuerstenfeld"]
[Date "2015.04.18"]
[Round "10"]
[Board "2"]
[White "Moser, Guenter"]
[Black "Steiner, Stefan"]
[Result "1-0"]
[WhiteElo "2352"]
[BlackElo "2269"]
[PlyCount "80"]
[EventDate "2014.10.03"]
[EventType "team"]
[EventRounds "11"]
[EventCountry "AUT"]
[WhiteTeam "Union Ansfelden"]
[BlackTeam "Strassenbahn Graz"]

1. d4 Nf6 2. c4 b6 3. f3 Nc6 4. Nc3 d5 5. cxd5 Nxd5 6. e4 Nxc3 7. bxc3 e5 8.
Bb5 Bb7 9. Ne2 exd4 10. cxd4 Qh4+ 11. g3 Qh5 12. Bxc6+ Bxc6 13. O-O Qa5 14. a4
Bb4 15. Qc2 Bd7 16. Bb2 O-O 17. Rfd1 Qh5 18. Rd3 c6 19. g4 Qh4 20. Ng3 Rac8 21.
Bc3 c5 22. d5 a5 23. Rd2 Qg5 24. Kg2 f6 25. Rf2 Bxc3 26. Qxc3 Qe5 27. Ne2 g6
28. h4 Rb8 29. g5 b5 30. axb5 Rxb5 31. gxf6 Qxf6 32. Qxf6 Rxf6 33. e5 Ra6 34.
e6 Be8 35. Nc3 Rb4 36. Ne4 a4 37. Rc2 c4 38. d6 Bc6 39. d7 Ra8 40. Rd1 Rbb8 1-0

[Event "2. BUNDESLIGA MITTE 2014/2015"]
[Site "Fuerstenfeld"]
[Date "2015.04.18"]
[Round "10"]
[Board "3"]
[White "Detter, Peter"]
[Black "Weiss, Christian"]
[Result "1/2-1/2"]
[WhiteElo "2040"]
[BlackElo "2382"]
[PlyCount "51"]
[EventDate "2014.10.03"]
[EventType "team"]
[EventRounds "11"]
[EventCountry "AUT"]
[WhiteTeam "Strassenbahn Graz"]
[BlackTeam "Union Ansfelden"]

1. Nf3 Nf6 2. c4 g6 3. Nc3 Bg7 4. e4 d6 5. d4 O-O 6. Be2 c5 7. O-O Na6 8. d5
Bg4 9. Bg5 Nc7 10. Nd2 Bxe2 11. Qxe2 Nd7 12. Qe3 a6 13. a4 Ne5 14. h3 f6 15.
Bh6 Bxh6 16. Qxh6 Ne8 17. Qe3 Ng7 18. f4 Nf7 19. Nf3 Qa5 20. Ne2 Rae8 21. Qc3
Qc7 22. Ng3 Nh6 23. Qd2 Nf7 24. Qc3 Nh6 25. Qd2 Nf7 26. Qc3 1/2-1/2

[Event "2. BUNDESLIGA MITTE 2014/2015"]
[Site "Fuerstenfeld"]
[Date "2015.04.18"]
[Round "10"]
[Board "4"]
[White "Mostbauer, Maximilian"]
[Black "Teuschler, Hugo"]
[Result "1/2-1/2"]
[WhiteElo "2184"]
[BlackElo "2043"]
[PlyCount "64"]
[EventDate "2014.10.03"]
[EventType "team"]
[EventRounds "11"]
[EventCountry "AUT"]
[WhiteTeam "Union Ansfelden"]
[BlackTeam "Strassenbahn Graz"]

1. d4 d5 2. Nf3 Nf6 3. c4 e6 4. Nc3 Be7 5. Bf4 O-O 6. e3 c6 7. a3 b6 8. cxd5
Nxd5 9. Nxd5 exd5 10. Bd3 c5 11. Ne5 Nd7 12. Nc6 Qe8 13. Bb5 a6 14. Nxe7+ Qxe7
15. Bc6 Ra7 16. Bxd5 Nf6 17. Bf3 Rd7 18. O-O cxd4 19. Bc6 dxe3 20. Qf3 Bb7 21.
Bxe3 Bxc6 22. Qxc6 Rd6 23. Qc4 Qb7 24. Rac1 Rfd8 25. Qc7 Qxc7 26. Rxc7 Nd5 27.
Ra7 b5 28. Bc5 R8d7 29. Re1 f6 30. Ra8+ Rd8 31. Bxd6 Rxa8 32. Rd1 Nb6 1/2-1/2

[Event "2. BUNDESLIGA MITTE 2014/2015"]
[Site "Fuerstenfeld"]
[Date "2015.04.18"]
[Round "10"]
[Board "5"]
[White "Kainz, Josef"]
[Black "Knoll, Hermann"]
[Result "0-1"]
[WhiteElo "1943"]
[BlackElo "2314"]
[PlyCount "66"]
[EventDate "2014.10.03"]
[EventType "team"]
[EventRounds "11"]
[EventCountry "AUT"]
[WhiteTeam "Strassenbahn Graz"]
[BlackTeam "Union Ansfelden"]

1. d4 Nf6 2. c4 e6 3. Nc3 Bb4 4. Qc2 O-O 5. g3 d5 6. Bg2 c5 7. dxc5 Nc6 8. Nf3
d4 9. a3 Qa5 10. O-O dxc3 11. Rb1 cxb2 12. Rxb2 Qxa3 13. Rb3 Qa5 14. Bb2 Qxc5
15. Bxf6 gxf6 16. Qb2 e5 17. Nh4 a5 18. g4 Nd4 19. Rh3 Qxc4 20. e3 Ne2+ 21. Kh1
Bxg4 22. f4 Bxh3 23. Bxh3 Kh8 24. Nf5 Rg8 25. Bg2 Rxg2 26. Kxg2 Rg8+ 27. Kf2
Nc3 28. Ng3 Ne4+ 29. Kg2 Nxg3 30. hxg3 Rxg3+ 31. Kxg3 Qxf1 32. fxe5 Be1+ 33.
Kg4 h5+ 0-1

[Event "2. BUNDESLIGA MITTE 2014/2015"]
[Site "Fuerstenfeld"]
[Date "2015.04.18"]
[Round "10"]
[Board "6"]
[White "Mostbauer, Florian"]
[Black "Fabian, Franz"]
[Result "1-0"]
[WhiteElo "2189"]
[BlackElo "1888"]
[PlyCount "85"]
[EventDate "2014.10.03"]
[EventType "team"]
[EventRounds "11"]
[EventCountry "AUT"]
[WhiteTeam "Union Ansfelden"]
[BlackTeam "Strassenbahn Graz"]

1. c4 Nf6 2. g3 c5 3. Bg2 Nc6 4. Nc3 g6 5. e3 Bg7 6. Nge2 e5 7. O-O O-O 8. b3
d6 9. Bb2 Rb8 10. d4 exd4 11. exd4 Bf5 12. Na4 Qe7 13. Re1 Rfe8 14. dxc5 dxc5
15. Nf4 Qf8 16. Nd5 Rxe1+ 17. Qxe1 Nxd5 18. Bxg7 Kxg7 19. cxd5 Nb4 20. Qc3+ Kg8
21. Qxc5 Qxc5 22. Nxc5 b6 23. Na4 Rc8 24. Nb2 Nxa2 25. Nc4 Nb4 26. Nd6 Rc7 27.
Nb5 Rc5 28. Nxa7 Nxd5 29. Nc6 Bc2 30. Bxd5 Bxb3 31. Ne7+ Kf8 32. Bxb3 Kxe7 33.
Ra7+ Kd6 34. Rxf7 b5 35. Rxh7 Kc6 36. Rh6 b4 37. Rxg6+ Kb5 38. h4 Rc3 39. Rg5+
Kc6 40. Bg8 b3 41. Bxb3 Rxb3 42. Re5 Kd6 43. Re3 1-0

[Event "2. BUNDESLIGA MITTE 2014/2015"]
[Site "Fuerstenfeld"]
[Date "2015.04.19"]
[Round "11"]
[Board "1"]
[White "Nemeth, Miklos"]
[Black "Kovacs, Gabor"]
[Result "1/2-1/2"]
[WhiteElo "2472"]
[BlackElo "2482"]
[PlyCount "59"]
[EventDate "2014.10.03"]
[EventType "team"]
[EventRounds "11"]
[EventCountry "AUT"]
[WhiteTeam "SV Steyregg"]
[BlackTeam "Union Styria Graz"]

1. d4 d5 2. c4 c6 3. cxd5 cxd5 4. Nf3 Nf6 5. Nc3 Nc6 6. Bf4 Bf5 7. e3 e6 8. Bd3
Bxd3 9. Qxd3 Bd6 10. Bxd6 Qxd6 11. O-O O-O 12. Rac1 Rac8 13. a3 a6 14. Rc2 Rc7
15. Rfc1 Rfc8 16. Ne2 Ne7 17. Rxc7 Rxc7 18. Rxc7 Qxc7 19. Qc3 Qxc3 20. Nxc3 Nc6
21. Kf1 Kf8 22. Ke2 Ke7 23. h3 h6 24. Kd3 Kd6 25. Nd2 Nd7 26. Nb3 Nb6 27. Nc5
Nc4 28. Nxa6 Nxa3 29. Kd2 Nc4+ 30. Kc2 1/2-1/2

[Event "2. BUNDESLIGA MITTE 2014/2015"]
[Site "Fuerstenfeld"]
[Date "2015.04.19"]
[Round "11"]
[Board "2"]
[White "Csonka, Attila"]
[Black "Enoeckl, Philipp"]
[Result "1/2-1/2"]
[WhiteElo "2331"]
[BlackElo "2349"]
[PlyCount "90"]
[EventDate "2014.10.03"]
[EventType "team"]
[EventRounds "11"]
[EventCountry "AUT"]
[WhiteTeam "Union Styria Graz"]
[BlackTeam "SV Steyregg"]

1. e4 e6 2. d4 d5 3. Nd2 Nf6 4. e5 Nfd7 5. Bd3 c5 6. c3 Nc6 7. Ne2 cxd4 8. cxd4
f6 9. exf6 Nxf6 10. Nf3 Bd6 11. O-O Qc7 12. Bd2 O-O 13. Ng3 Bd7 14. Rc1 Qb6 15.
Bc3 Bf4 16. Rc2 Nb4 17. Bxb4 Qxb4 18. Ne5 Rfc8 19. Nxd7 Nxd7 20. Rxc8+ Rxc8 21.
Qg4 Qd6 22. Nh5 Bh6 23. Re1 Re8 24. Bf5 Kh8 25. Rxe6 Rxe6 26. Bxe6 Nf8 27. Bc8
Qc6 28. Ng3 g6 29. Nf1 Bg7 30. Qh3 Bxd4 31. Bg4 Qc2 32. Qf3 Kg7 33. Qe2 Qxe2
34. Bxe2 Kf6 35. b3 Ke5 36. Ne3 Ne6 37. Kf1 Nc5 38. Nc2 Bb2 39. Bf3 d4 40. Ke1
Bc3+ 41. Kd1 b5 42. Ne1 d3 43. Bc6 Bxe1 44. Kxe1 Kd4 45. Kd2 g5 1/2-1/2

[Event "2. BUNDESLIGA MITTE 2014/2015"]
[Site "Fuerstenfeld"]
[Date "2015.04.19"]
[Round "11"]
[Board "3"]
[White "Pierecker, Markus"]
[Black "Ruck, Tamas"]
[Result "1/2-1/2"]
[WhiteElo "2152"]
[BlackElo "2351"]
[PlyCount "99"]
[EventDate "2014.10.03"]
[EventType "team"]
[EventRounds "11"]
[EventCountry "AUT"]
[WhiteTeam "SV Steyregg"]
[BlackTeam "Union Styria Graz"]

1. e4 e5 2. Nf3 Nc6 3. d4 exd4 4. Nxd4 Bc5 5. Nb3 Bb6 6. Nc3 Nf6 7. Qe2 d6 8.
Be3 Be6 9. O-O-O Qe7 10. Kb1 O-O-O 11. Bxb6 axb6 12. Nd4 Bd7 13. f3 Qe5 14. Qc4
Nxd4 15. Qxd4 Qxd4 16. Rxd4 Be6 17. Be2 c6 18. Rhd1 Kc7 19. Kc1 b5 20. f4 g6
21. a3 Bg4 22. Bxg4 Nxg4 23. h3 Nf6 24. g4 Rhe8 25. g5 Nh5 26. Rf1 Re7 27. Kd2
Rde8 28. Rd3 f6 29. h4 Rf8 30. Rdf3 f5 31. Kd3 fxe4+ 32. Nxe4 Rf5 33. Nc3 d5
34. Ne2 c5 35. Ng3 Nxg3 36. Rxg3 d4 37. h5 Kd6 38. hxg6 hxg6 39. Rh3 Kd5 40.
Rh8 c4+ 41. Kd2 Rff7 42. Rd8+ Rd7 43. Rxd7+ Rxd7 44. f5 gxf5 45. Rxf5+ Ke4 46.
Rxb5 Rh7 47. g6 Rh2+ 48. Kd1 Rh1+ 49. Kd2 Rh2+ 50. Kd1 1/2-1/2